|
|
|
|
| LEADER |
00886nam a2200253 a 4500 |
| 001 |
000529474 |
| 003 |
CZ BrMZK |
| 005 |
20100702121319.0 |
| 007 |
ta |
| 008 |
010907s1983 xo f slo d |
| 040 |
|
|
|a BOA001
|b cze
|
| 080 |
|
|
|a 885.4-93(082)
|2 MRF
|
| 100 |
1 |
|
|a Medveď, Ján
|7 jx20040622012
|4 chr
|4 wfw
|
| 245 |
1 |
0 |
|a Kde pijú dúhy :
|b Antológia poviedok o deťoch a mladých ľuďoch /
|c zostavil, predhovor a profily autorov napísal Ján Medveď ; ilustroval Vojtech Kolenčík
|
| 250 |
|
|
|a 1. vyd.
|
| 260 |
|
|
|a Bratislava :
|b Mladé letá,
|c 1983
|
| 300 |
|
|
|a 194 s.
|
| 500 |
|
|
|a Pre čitateľov od 11 rokov
|
| 910 |
|
|
|a BOA001
|b 2-0865.514
|
| 964 |
|
|
|a Doprava - publikace obrazové
|
| 964 |
|
|
|a Prostředky - publikace obrazové
|
| 990 |
|
|
|a BK
|
| 991 |
|
|
|b 201007
|
| 996 |
7 |
|
|b 2619368779
|c 2-0865.514
|l MZK
|r Sklad / do 1 hodiny
|n 0
|w 000529474
|u 000010
|a 1
|e BOA001
|j MZK50
|s A
|